| 000 | 00597nam a2200145Ia 4500 | ||
|---|---|---|---|
| 008 | 140724s9999 xx 000 0 und d | ||
| 050 |
_aLC 4705 _b.Ab152 2010 |
||
| 100 | _aAblir Jr, Demetrio M. | ||
| 245 |
_aAnalysis of the competencies of the Pre-school Teachers at Fr. Angelico Lipani School Based on the National Joint Committee on Learning Disabilities Standards / _cDemetrio M. Ablir Jr. |
||
| 260 |
_aLas PiƱas, Philippines : _bSouthville International School and Colleges, _cc2010. |
||
| 300 |
_a48 p. : _bill. ; _c28 cm. |
||
| 521 | _aSpecial Education | ||
| 942 | _cTH | ||
| 999 |
_c228661 _d228661 |
||